00311pab a2200121 454500008004000000100001900040245005300059260000900112300001300121362001100134650001000145773003400155180718b2013 xxu||||| |||| 00| 0 eng d aNagral, Sanjay aThe cost of drug: Beyond the Supreme Court order c2013 ap.13-15. a27 Apr aDrugs aEconomic and Political Weekly